Reconnais et nomme ces artistes francophones VOL7 - Statistiques

Statistiques générales
  • Ce quiz a été pris 43 fois
  • Le résultat moyen est 10 sur 16
Statistiques - réponses
Par images Réponse % Correct
Christophe Maé
100%
Julien Doré
97%
Jean-Jacques Goldman
95%
Charles Aznavour
92%
Edith Piaf
92%
Lara Fabian
87%
Shy'm
84%
Raphaël
66%
Lio
58%
Sheila
58%
Werenoi
53%
Akhenaton
50%
Nadiya
42%
Leslie
32%
Sam Sauvage
29%
Rachid Taha
13%
Aucun quiz correspondant
Distribution des résultats
% des personnes avec chaque résultat
Percentile par nombre de réponses
Votre historique - résultats
Vous n’avez pas pris ce quiz